000 nam a22 a 4500
999 _c383173
_d383173
003 BLK
005 20200827090228.0
008 200818b bul|||||r ||||||| ||bul||
040 _aBLK
041 _aBUL
_cBUL
080 _aБългарска литература
_b821.163.2
_x-32
_z821.163.2-32
100 _aГрозев, Кунчо
_eпърви автор
_9378674
139 _aГрозев, Кунчо
245 1 0 _aПочти като Робинзон
_b[Хуморист. разкази]
_cК. Грозев; илюстр. от Асен Грозев; Кунчо Грозев.
257 _aBGR
260 _aСофия
_bв. Стършел
_c1972
300 _a64 с.
_bс ил.
_c18 см
380 _aX
490 1 _aБиблиотека Стършел
_v192
500 _a38 100 тир. 0,17 лв.
700 _aГрозев, Асен
_eил. от
_9424709
852 _aЦб І 12934
856 4 _qpdf
_u
856 4 _qpdf
_u
942 _cKNG
_n0
_s1
944 _aCR
_c2020-08-18
_kВК